Villes de France en G/H - Statistiques

Statistiques générales
  • Ce quiz a été pris 110 fois
  • Le résultat moyen est 9 sur 15
Statistiques - réponses
Indices Initiales Villes % Correct
Ville de plus de 150 000 habitants, "Capitale des Alpes". G Grenoble
93%
Petite ville bretonne de football allant en avant. G Guingamp
93%
Ville de naissance de Camille Combal, préfecture des Hautes-Alpes. G Gap
86%
Ville varoise à l'Est de Toulon. H Hyères
82%
Ville des Alpes Maritimes connue pour son parfum. G Grasse
80%
Ville normande cité par Jacques Brel, et ayant inspiré de nombreux peintres tels que Monet ou Boudin. H Honfleur
69%
Une des plus petites préfectures au centre de la France, dans le Limousin. G Guéret
60%
Ville du Pas-de-Calais où Marine Le Pen a une grande emprise électorale. H Hénin-Beaumont
58%
Deuxième ville la plus peuplée du Bas-Rhin, au Nord de Strasbourg. H Haguenau
40%
Ville francilienne homonyme d'un combustible noire à forte teneur de carbone. H Houilles
37%
Station balnéaire près de la baie Mont-Saint-Michel. G Granville
36%
Ville du Nord homonyme d'un célèbre duc assassinée au château de Blois en 1588. G Guise
36%
Sous-préfecture de l'Ain à la frontière suisse. G Gex
35%
Ville littorale de la Mer du Nord entre Dunkerque et Calais. G Gravelines
25%
Ville de la banlieue de Caen, la deuxième plus peuplée du Calvados. H Hérouville Saint-Clair
22%
Aucun quiz correspondant
Distribution des résultats
% des personnes avec chaque résultat
Percentile par nombre de réponses
Votre historique - résultats
Vous n’avez pas pris ce quiz